Top 10 Songs by Motorhead - Statistics

General Stats
  • This quiz has been taken 2 times
  • The average score is 5 of 10
Answer Stats
Hint Answer % Correct
1 Ace of Spades
100%
8 Bomber
50%
10 Born to Raise Hell
50%
9 Iron Fist
50%
3 Killed by Death
50%
4 Motorhead
50%
2 Overkill
50%
7 The Chase is Better than the Catch
50%
5 (We Are) The Road Crew
50%
6 Hellraiser
0%
No matching quizzes found
Score Distribution
Percent of People with Each Score
Percentile by Number Answered
Your Score History
You have not taken this quiz